Helminths, arthropods and protozoa of domesticated animals

Tallennettuna:
Bibliografiset tiedot
Päätekijä: Soulby, E. J. L.
Aineistotyyppi: Kirja
Kieli:Undetermined
Julkaistu: Baltimore Williams and wilkins 1968
Aiheet:
Tagit: Lisää tagi
Ei tageja, Lisää ensimmäinen tagi!
Thư viện lưu trữ: Trung tâm Học liệu Trường Đại học Cần Thơ
LEADER 00520nam a2200181Ia 4500
001 CTU_126007
008 210402s9999 xx 000 0 und d
082 |a 636.089 
082 |b S722 
100 |a Soulby, E. J. L. 
245 0 |a Helminths, arthropods and protozoa of domesticated animals 
245 0 |c E. J. L. Soulby 
260 |a Baltimore 
260 |b Williams and wilkins 
260 |c 1968 
650 |a Veterinary helminthology 
904 |i Hiếu 
980 |a Trung tâm Học liệu Trường Đại học Cần Thơ